00362nam a2200121 a 4500008004100000050001600041100001900057245003000076246006200106260004200168300002100210350000900231120416s1987 ||||||||||||||||| || u aHG 3821 Oxe aOxelheim, Lars10aMacroeconomic uncertainty ainternational risks and opportunities for the corporation aChichesterbJohn Wiley and Sonsc1987 axv, 251p. : ill. a0.00